| 000 | 00709nam a2200205Ia 4500 | ||
|---|---|---|---|
| 003 | IN-BaIIA | ||
| 008 | 211028s9999 xx 000 0 eng d | ||
| 020 | _a0-8243-0915-4 | ||
| 040 | _cIIA Library | ||
| 080 |
_a(05)52 _bANN-15 |
||
| 100 |
_aBurbidge, Geoffrey _95542 |
||
| 111 |
_aConference on the Evolution of Galaxies and Stellar Populations _99876 |
||
| 245 | 0 |
_aAnnual review of astronomy and astrophysics _bvol. 15 _cGeoffrey Burbidge |
|
| 260 |
_aPalo Alto _bAnnual Reviews _c1977 |
||
| 300 | _a602p. | ||
| 650 |
_aAstronomy - Periodicals _94087 |
||
| 650 | _aAstronomy and Astrophysics thesaurus | ||
| 650 |
_aAstrophysics - Periodicals _94088 |
||
| 942 | _cBK | ||
| 999 |
_c5695 _d5695 |
||